Forming the Quality of Life in Slovakia after Entering the EU

Definícia kvality života. Kvalita života a spotreba. Predpoklady a východiskové body pre zlepšenie kvality života na Slovensku.

Salvato in:
Dettagli Bibliografici
Autore principale: Holková, Vieroslava
Altri autori: Valach, Matej, Veselková, Alexandra
Natura: Capitolo di libro
Lingua:inglese
Soggetti:
Tags: Aggiungi Tag
Nessun Tag, puoi essere il primo ad aggiungerne!!

MARC

LEADER 00000nla a2200000 4500
001 0221971
005 20240712114644.2
041 0 |a eng 
044 |a PT 
245 1 0 |a Forming the Quality of Life in Slovakia after Entering the EU  |c Vieroslava Holková, Matej Valach, Alexandra Veselková 
520 |a Definícia kvality života. Kvalita života a spotreba. Predpoklady a východiskové body pre zlepšenie kvality života na Slovensku. 
610 2 0 |a kvalita života 
610 2 0 |a spotreba 
610 2 0 |a Slovensko 
610 2 0 |a Európska únia 
610 2 0 |a modely spotreby 
100 1 |a Holková, Vieroslava 
700 1 |a Valach, Matej 
700 1 |a Veselková, Alexandra